Entry Personal Name
Number of records used in: 1
001 - CONTROL NUMBER
003 - CONTROL NUMBER IDENTIFIER
005 - DATE AND TIME OF LATEST TRANSACTION
- control field:
20220922105627.0
008 - FIXED-LENGTH DATA ELEMENTS
- fixed length control field:
881004n| azannaabn |a aaa
010 ## - LIBRARY OF CONGRESS CONTROL NUMBER
- LC control number:
n 88665311
035 ## - SYSTEM CONTROL NUMBER
- System control number:
(OCoLC)oca02374342
040 ## - CATALOGING SOURCE
- Original cataloging agency:
DLC
- Language of cataloging:
eng
- Description conventions:
rda
- Transcribing agency:
DLC
- Modifying agency:
DLC
- Modifying agency:
OO
- Modifying agency:
CSt
- Modifying agency:
GVaS
- Modifying agency:
CSt
100 1# - HEADING--PERSONAL NAME
- Personal name:
Tibshirani, Robert
370 ## - ASSOCIATED PLACE
- Associated country:
United States
- Place of residence/headquarters:
Stanford (Calif.)
- Source of term:
naf
372 ## - FIELD OF ACTIVITY
- Field of activity:
Education, Higher
- Field of activity:
Statistics
- Source of term:
lcsh
373 ## - ASSOCIATED GROUP
- Associated group:
Stanford University
- Source of term:
naf
373 ## - ASSOCIATED GROUP
- Associated group:
University of Toronto
- Source of term:
naf
374 ## - OCCUPATION
- Occupation:
College teachers
- Occupation:
Authors
- Source of term:
lcsh
375 ## - GENDER
- Gender:
Males
- Source of term:
lcdgt
377 ## - ASSOCIATED LANGUAGE
400 1# - SEE FROM TRACING--PERSONAL NAME
- Personal name:
Tibshirani, Rob
400 1# - SEE FROM TRACING--PERSONAL NAME
- Personal name:
Tibshirani, R. J.
- Fuller form of name:
(Robert J.)
510 2# - SEE ALSO FROM TRACING--CORPORATE NAME
- Control subfield:
r
- Relationship information:
Employer:
- Corporate name or jurisdiction name as entry element:
Stanford University
670 ## - SOURCE DATA FOUND
- Source citation:
nuc88-112369: His Non-resistant parameter, 1986
- Information found:
(hdg. on CaOTU rept.: Tibshirani, Robert; usage: Robert Tibshirani)
670 ## - SOURCE DATA FOUND
- Source citation:
nuc89-39923: DiCiccio, T.J. Approximating the profile likehood through Stein's ... 1986
- Information found:
(usage on CaOTU rept.: Rob Tibshirani)
670 ## - SOURCE DATA FOUND
- Source citation:
Hastie, T. Generalized additive models, 1990:
- Information found:
t.p. (R.J. Tibshirani, U. of Toronto)
670 ## - SOURCE DATA FOUND
- Source citation:
An introduction to the bootstrap, 1993:
- Information found:
t.p. (Robert J. Tibshirani, Dept. of Preventative Medicine and Biostatistics, and Dept. of Statistics, Univ. of Toronto)
670 ## - SOURCE DATA FOUND
- Source citation:
An introduction to statistical learning, 2017:
- Information found:
back cover (Robert Tibshirani is professor of statistics at Stanford University)
675 ## - SOURCE DATA NOT FOUND
- Source citation:
NLC 3-20-91